000
00333nam a2200157Ia 4500
100
_a
Basu/P.K/ Dhasmana/H
650
_a
Engg physics
942
_c
BK
366
_f
20
245
_a
Solid state Engineering Physics
260
_b
Ane Books India
_c
2008
082
_a
530
_b
BAS
300
_a
171
546
_a
ENGLISH
999
_c
31632
_d
31632